Nové trendy v manažmente európskej obrany a bezpečnosti

Zmeny v celosvetovom bezpečnostnom prostredí po páde bipolarity a vznik nových bezpečnostných hrozieb. Spoločná európska obranná a bezpečnostná politika. Prijatie Lisabonskej zmluvy. Spolupráca členských krajín EÚ v oblasti obrany.

Gespeichert in:
Bibliographische Detailangaben
1. Verfasser: Ivančík, Radoslav
Weitere Verfasser: Nečas, Pavel
Format: Buchkapitel
Sprache:Slowakisch
Schlagworte:
Tags: Tag hinzufügen
Keine Tags, Fügen Sie das erste Tag hinzu!

MARC

LEADER 00000nla$a2200000$$$4500
001 0143227
005 20221103134341.7
041 0 |a slo 
044 |a SK 
245 1 0 |a Nové trendy v manažmente európskej obrany a bezpečnosti  |c Radoslav Ivančík, Pavel Nečas 
520 |a Zmeny v celosvetovom bezpečnostnom prostredí po páde bipolarity a vznik nových bezpečnostných hrozieb. Spoločná európska obranná a bezpečnostná politika. Prijatie Lisabonskej zmluvy. Spolupráca členských krajín EÚ v oblasti obrany. 
610 2 0 |a Európska únia 
610 2 0 |a bezpečnosť európska 
610 2 0 |a systémy bezpečnostné 
610 2 0 |a obrana štátu 
610 2 0 |a vzťahy zahraničné 
610 2 0 |a politika bezpečnostná 
610 2 0 |a vzťahy medzinárodné 
610 2 0 |a spolupráca medzinárodná 
610 2 0 |a bezpečnosť medzinárodná 
100 1 |a Ivančík, Radoslav 
700 1 |a Nečas, Pavel